000 00346nam a2200157Ia 4500
003 Ost
005 20260225132554.0
008 260225s9999||||xx |||||||||||||| ||und||
040 _cfsic
041 _afre
082 _a440
100 _aMhamed Yousfi
_eAuteur
245 0 _aLe pouvoir 1962-1978 /
245 0 _cMhamed Yousfi
942 _cكتاب
999 _c34319
_d34319